LIBRARY & INFORMATION CENTRE, KCAET, TAVANUR

ONLINE PUBLIC ACCESS CATALOGUE (OPAC)

Food Industries manual / (Record no. 5553)

MARC details
000 -LEADER
fixed length control field 00408cam a2200169ua 4500
020 ## - INTERNATIONAL STANDARD BOOK NUMBER
ISBN 0-916-845-00-1
041 ## - LANGUAGE CODE
Language code of text/sound track or separate title eng
082 ## - DEWEY DECIMAL CLASSIFICATION NUMBER
Classification number 028.72664
Item number RAN/FO
100 ## - MAIN ENTRY--AUTHOR NAME
Personal name Ranken, M D .
245 00 - TITLE STATEMENT
Title Food Industries manual /
250 ## - EDITION STATEMENT
Edition statement 21 /
260 ## - PUBLICATION, DISTRIBUTION, ETC. (IMPRINT)
Place of publication Glasgow :
Name of publisher Leonard Hill ,
Year of publication 1984.
300 ## - PHYSICAL DESCRIPTION
Number of Pages 530 ; .
942 ## - ADDED ENTRY ELEMENTS (KOHA)
Koha item type Books
Holdings
Withdrawn status Lost status Damaged status Home library Current library Date acquired Full call number Accession Number Koha item type
      KAUAET KAUAET 27/03/1987 028.72664 16221  
free website counter